=Onde já se viu? (Record no. 47401)

MARC details
000 -LÍDER
campo de controle de tamanho fixo 00343 a2200157 4500
001 - NÚMERO DE CONTROLE
campo de controle 47401
020 ## - ISBN - INTERNATIONAL STANDARD BOOK NUMBER
ISBN - International Standard Book Number 9788508092475
040 ## - FONTE DA CATALOGAÇÃO
Instituição que transcreveu o registro Anchieta - Aquarius
100 ## - ENTRADA PRINCIPAL--NOME PESSOAL
Nome pessoal Belinky, Tatiana
240 10 - TÍTULO UNIFORME
Título uniforme =Onde já se viu?
Idioma da obra por
245 10 - TÍTULO
Título =Onde já se viu?
300 ## - DESCRIÇÃO FÍSICA
Extensão 119
362 0# - DATAS DE PUBLICAÇÃO E/OU DESIGNAÇÃO SEQUENCIAL
Datas de publicação e/ou designação sequencial 2013
650 #4 - ASSUNTO--TERMO TÓPICO
Cabeçalho tópico ou nome geográfico Literatura brasileira
942 ## - ELEMENTOS DE ENTRADA ADICIONADOS (KOHA)
Tipo de material Koha Livros
Holdings
Situação do descarte Situação das perdas Situação física Não pode ser emprestado Biblioteca de origem Biblioteca atual Data de aquisição Total de empréstimos Número de chamada completo Código de barras Data de último acesso Data do preço efetivo Tipo de material Koha Fonte da classificação ou esquema de arquivamento na estante Número do exemplar
        Colégio Anchieta - Aquarius Colégio Anchieta - Aquarius 21/11/2023   869.93 BEL OND 6082/AQU 21/11/2023 21/11/2023 Livros    
        Colégio Anchieta - Aquarius Colégio Anchieta - Aquarius 21/11/2023   869.93 BEL OND 6083/AQU 21/11/2023 21/11/2023 Livros    
        Leonardo Da Vinci - Alphaville 2 Leonardo Da Vinci - Alphaville 2 27/03/2024   028.5 B38o 2A192 27/03/2024 27/03/2024 Livros    
        Leonardo Da Vinci - Alphaville 2 Leonardo Da Vinci - Alphaville 2 27/03/2024   028.5 B38o 2A1148 27/03/2024 27/03/2024 Livros    
        Portinari - Salvador Portinari - Salvador 22/07/2024   028.5 B431o 11886/CCP 22/07/2024 22/07/2024 Livros   Ex. 1